01124nam a2200265 a 450000100060000000300080000600500170001400800410003103500190007204000380009104100080012908200260013710000310016324500920019426000470028630000340033349000630036750001290043050400320055965000370059183000550062894200120068399900170069595201460071245992BD-RjUL20211209054108.0160730s1964 ii a b 001 0 eng  a(BD-RjUL)46110 aDLCcMNUdm.c.dRCDdBD-RjULbeng aeng 223a330.182bRAS 19641 aRao, K. S.,d1914-914063210aStatistical inference and measurement of structural changes in an economy /bK. S. Rao. aLondon :bOxford University Press,cc1964. axvi, 345 p. :bill. ;c25 cm.1 aUniversity of Bombay publications. Economics Series, no. 7 aThe work was done in the Department of Economics ... [University of Bombay] for the Ph. D. degree in economics ... 1949-52." aBibliography: p. [333]-339. 0aEconomics, Mathematical.9140633 0aUniversity of Bombay publications.vno. 7.9140635 2ddccBK c45992d45992 00102ddc40708NFICaRUCLbRUCLcStackd1967-11-23eSwits & Zillingerg52.00l0o330.182 RAS 1964r2016-07-30 00:00:00tC-2w2016-07-30yBK